000 00601nam a2200205Ia 4500
005 20250508150604.0
008 008 250505s9999 xx 000 0 eng d
037 _aTextual
040 _aFEDL
_beng
_cFEDL
041 _aeng
_2eng
084 _a371.42, ERI
_qFEDL
100 _aErickson Clifford E
245 0 _aGuidance practices at work
260 _aNew York, USA
_bMcGraw-Hill Book Company
_c1946
300 _a325p
490 _aMcGraw - Hill practical guidance series
700 _a Happ Marion Crosley
_9757119
942 _cTEXL
_h371.42, ERI
999 _c1324433
_d1324433